000 00330nam a2200133Ia 4500
008 240624s9999 xx 000 0 und d
041 _aeng
082 _a153.4 KLE
100 _aKLEIN GARY
245 _aSEEING WHAT OTHERS DON T THE REMARKABLE
260 _c2013
_aLondon
_bPublic Affairs
300 _a304 : p.
365 _cRS
_b25
999 _c23956
_d23956